| 000 | 00537nam a2200181Ia 4500 | ||
|---|---|---|---|
| 008 | 230917s9999||||xx |||||||||||||| ||und|| | ||
| 020 | _cRS 2500.00 | ||
| 040 |
_e5006461 _aMAIN |
||
| 041 | _aEnglish | ||
| 082 | _a157.9 H349H(2) | ||
| 100 | _aOjha, Sandhya, ed. | ||
| 245 | 0 | _aHealth and well-being: An emerging trends | |
| 250 | _a2nd ed. | ||
| 260 |
_aNew Delhi _bGlobal Vision Publishing House _c2020 |
||
| 300 | _axxii, 487 p. | ||
| 500 | _a4049 18/03/2020 HBD20/8386 18/03/2020 PSYCHOLOGY PROJECT(Dr. SONIA MALIK) | ||
| 942 | _cBK | ||
| 999 |
_c2074 _d2074 |
||